Integrated Reservoir Asset Management: Principles and Best Practices

Sonraí bibleagrafaíochta
Príomhchruthaitheoir: Fanchi J. R. John
Achoimre:Заглавие с титульного экрана
Режим доступа: из корпоративной сети ТПУ
Teanga:Béarla
Foilsithe / Cruthaithe: Amsterdam, Elsevier, 2010
Ábhair:
Rochtain ar líne:http://www.lib.tpu.ru/fulltext2/m/2016/science_book/Integrated%20Reservoir.pdf
Formáid: Leictreonach LEABHAR
KOHA link:https://koha.lib.tpu.ru/cgi-bin/koha/opac-detail.pl?biblionumber=315997

MARC

LEADER 00000nlm0a2200000 4500
001 315997
005 20231102002831.0
035 |a (RuTPU)RU\TPU\book\341434 
035 |a RU\TPU\book\341429 
090 |a 315997 
100 |a 20160314d2010 k y0engy50 ba 
101 0 |a eng 
102 |a NL 
105 |a a z 001zy 
135 |a drcn ---uucaa 
200 1 |a Integrated Reservoir Asset Management  |b Electronic resource  |e Principles and Best Practices  |f J. R. Fanchi 
203 |a Text  |c electronic 
210 |a Amsterdam  |c Elsevier  |d 2010 
230 |a 1 компьютерный файл (pdf; 7.3 Mb) 
300 |a Заглавие с титульного экрана 
333 |a Режим доступа: из корпоративной сети ТПУ 
337 |a Adobe Reader 
606 1 |a Инженерно-геологические исследования  |x Геофизические методы  |2 stltpush  |3 (RuTPU)RU\TPU\subj\12583  |9 39345 
610 1 |a электронный ресурс 
610 1 |a управление 
610 1 |a активы 
610 1 |a геологические исследования 
610 1 |a технологические процессы 
610 1 |a геофизики 
610 1 |a пласты 
675 |a 624.131.32  |v 3 
700 1 |a Fanchi  |b J. R.  |g John 
801 1 |a RU  |b 63413507  |c 20131216 
801 2 |a RU  |b 63413507  |c 20160616  |g RCR 
856 4 |u http://www.lib.tpu.ru/fulltext2/m/2016/science_book/Integrated%20Reservoir.pdf 
942 |c CF